00894nam a2200241 a 450000100060000000300080000600500170001400800410003103500190007204000310009104100080012208200260013010000570015624500570021326000450027030000350031550400380035065000530038885600480044194200120048999900170050195201340051869712BD-RjUL20211209081922.0170413s1967 enka b 001 0 eng d a(BD-RjUL)69924 aDLC/ICUcICUdBD-RjULbeng aeng00a515.733223bHAH 19671 aHalmos, Paul R.q(Paul Richard),d1916-2006.915249412aA Hilbert space problem book /c[by] Paul R. Halmos. aPrinceton, N.J. :bVan Nostrand,cc1967. axvii, 365 p. :c24 cm.bill. ; aBibliography: p. 352-357 & Index. 0aHilbert spacexProblems, exercises, etc.9206480 3The University series in higher mathematics 2ddccBK c69712d69712 00102ddc40718NFICaRUCLbRUCLcReadingd1968-11-21eZeitlingerl0o515.733 HAH 1967r2017-04-13 00:00:00tC-1w2017-04-13yBK